Vista normal Vista MARC

Entrada Personal Name

Número de registros utilizados en: 20

001 - CONTROL NUMBER

  • control field: 19582

003 - CONTROL NUMBER IDENTIFIER

  • control field: OSt

005 - DATE AND TIME OF LATEST TRANSACTION

  • control field: 20210310221906.0

008 - FIXED-LENGTH DATA ELEMENTS

  • fixed length control field: 210310|| aca||aabn | a|a d

040 ## - CATALOGING SOURCE

  • Original cataloging agency: OSt
  • Transcribing agency: OSt

100 ## - HEADING--PERSONAL NAME

  • Personal name: Procuraduria General de la Nación

670 ## - SOURCE DATA FOUND

  • Source citation: Work cat.: (OSt): Procuraduria General de la Nación, Bienes de Uso Público, Patriminio Arqueológico, Histórico y Cultural de la Nación, 2007